000 00326nam a2200145 i 4500
001 bg
100 1 _aCORGE, Charles
245 0 _aElementy informatyki /
_cCharles Corge.
260 _aWarszawa,
_c1981.
040 _cBPK
041 _apol
080 _a681.3:51
942 _cKS
008 s pl f |000 0 pol
999 _c20151
_d20151
856 _uhttp://koha.tu.koszalin.pl/cgi-bin/koha/opac-detail.pl?biblionumber=20151
_yKatalog online BPK